000 00575nam a22001937a 4500
003 OSt
005 20160422174550.0
008 160422b xxu||||| |||| 00| 0 eng d
020 _a0852550774.
040 _cDDC.
082 _a331.4BER 1992.
100 _aBerger,Iris;
_98204
245 _aThreads of Solidarity.
_bWomen in South african Industry 1900-1980.
260 _aEngland& Indiana;
_bIndiana University Press &James Jurrey Ltd.
_c331.4BER 1992.
300 _axi,368p;
_bill;
_c26cm.
504 _aincludes index.
650 _aDevelopment.
_9612
942 _2ddc
_cSLOAN
999 _c3707
_d3707